000 00881nam a2200253Ia 4500
005 20220317001907.0
008 170410s2010 m g 000 0 s
020 _a9786073201148
041 _aspa
082 0 4 _a547
_bQ83
245 0 0 _aQuímica orgánica
_baprende haciendo
_cMónica E. Gutiérrez Franco... [y otros tres]
250 _a2a. edición
300 _a560 páginas, [4] hojas
_bgráficos en blanco y negro
_c27 cm
650 1 4 _2LEMB
_aQuímica
_vManuales
650 1 4 _2LEMB
_aQuímica orgánica
_vProblemas, ejercicios, etc
650 1 4 _2LEMB
_aQuímica orgánica
_xEnseñanza elemental
700 1 _aGutiérrez Franco, Mónica E.
_978763
942 _2ddc
_cBK
264 _aMéxico
_bPrentice Hall
_c2010
336 _atexto
_btxt
_2rdacontent
337 _asin mediación
_bn
_2rdamedia
338 _avolumen
_bnc
_2rdacarrier
040 _aCO-BoRNBP
_bspa
_erda
_cCO-BoRNBP
999 _c8449
_d8449